| 000 | 01287nam a2200361 i 4500 | ||
|---|---|---|---|
| 001 | 768714001 | ||
| 003 | CO-MdFUSB | ||
| 005 | 20240826162314.0 | ||
| 007 | ta | ||
| 008 | 230414t20102005stk||||g |||| 00| 0 eng d | ||
| 020 | _a9781845500436 | ||
| 040 |
_aCO-MdFUSB _bspa _cCO-MdFUSB _dCO-MdFUSBC _erda |
||
| 041 | _aeng | ||
| 082 |
_223 _a251.01 _bSCH311p |
||
| 100 |
_aScharf, Greg _eautor |
||
| 245 | 1 |
_aPrepared to preach _b: God's work & ours in proclaiming his word _c/ Greg Scharf |
|
| 264 | 1 |
_aFearn, Ross-shire, Escocia ; _bChristian Focus Publications, _c[2005] |
|
| 264 | 3 | _c2010 | |
| 264 | 4 | _c©2005 | |
| 300 |
_a176 páginas _c; 22 cm |
||
| 336 |
_2rdacontent _atexto _btxt |
||
| 337 |
_2rdamedia _asin mediación _bn |
||
| 338 |
_2rdacarrier _avolumen _bnc |
||
| 504 | _aIncluye bibliografía | ||
| 505 | _aParte 1. Prepararse para preparar -- Parte 2. Preparándose para predicar -- Parte 3. Preparando su mente, su cuerpo y la congregación -- Parte 4. Preparando el mensaje que Dios te da para predicar -- Epílogo: Preparándose para predicar hasta el regreso de Cristo. | ||
| 563 | _aRústico | ||
| 650 | 0 |
_954 _aPredicación |
|
| 650 | 7 |
_aOración _986 |
|
| 650 | 0 |
_aEvangelización _9362 |
|
| 942 | _cBK | ||
| 945 | _aAF | ||
| 999 |
_c68714 _d68714 |
||